000 00443nam a2200181Ia 4500
008 240925s9999 xx 000 0 und d
020 _a9788131707043
082 _a658 STO
100 _aStoner, James A. F.
245 0 _aManagement
250 _a6th
260 _aNew Delhi:
_bPearson Printice Hall
_c,2017.
300 _a305p.
_bNA
_fOriginal
500 _aIncludes Index
600 _aManagement
650 _aManagement
942 _cBK
999 _c15603
_d15603